Normal view
MARC view
- LIE ALGEBRAS AND LIE GROUPS
Entry Topical Term
001 - CONTROL NUMBER
- control field: 73421
003 - CONTROL NUMBER IDENTIFIER
- control field: NUST
005 - DATE AND TIME OF LATEST TRANSACTION
- control field: 20210628205021.0
008 - FIXED-LENGTH DATA ELEMENTS
- fixed length control field: 210628|| aca||aabn | a|a d
040 ## - CATALOGING SOURCE
- Original cataloging agency: NUST
- Transcribing agency: NUST
150 ## - HEADING--TOPICAL TERM
- Topical term or geographic name entry element: LIE ALGEBRAS AND LIE GROUPS
670 ## - SOURCE DATA FOUND
- Source citation: Work cat.: (NUST): Serre, Jean -Pierre 59592, Lie algebras and lie groups,1964 lectures given at harvard university, 1965
